La segunda instancia en el proceso civil

Detalles Bibliográficos
Autor principal: Richard Gonzl̀ez, Manuel
Formato: Desconocido
Lenguaje:español
Publicado: [Barcelona] : Cedecs, 1998
Materias:
Acceso en línea:Acceso restringido

MARC

LEADER 00000ny a22000003n 4500
005 20110628114014.0
008 080620s1998 sp s 000 0 spa c
020 |a 8495027275 
035 |a 326 
040 |a UMA.RE  |d vLex 
080 |a 347.91/.95(0.034) 
090 |c 1156  |d 1156 
100 1 |a Richard Gonzl̀ez, Manuel 
245 1 3 |a La segunda instancia en el proceso civil  |h [Recurso electrn̤ico]  |c Manuel Richard Gonzl̀ez 
256 |a Servicio en ln̕ea 
260 |a [Barcelona] :  |b Cedecs,  |c 1998 
506 1 |a Contenido solo disponible en los productos indicados  |d vLex Global  |d vLex Global (Academic Edition, excluding Law Schools)  |d vLex Global (U.S. Academic Edition, Law Schools)  |d vLex Global (U.S. Academic Edition, excluding Law Schools)  |d vLex Global (Academic Edition, Law Schools) 
650 0 7 |a Ley de enjuiciamiento civil  |2 Tesauro vLex 
650 0 7 |a Procesal  |2 Tesauro vLex 
650 0 7 |a Segunda instancia  |2 Tesauro vLex 
740 0 |a vLex Libros (Servicios en ln̕ea) 
856 4 0 |u http://vlex.com/source/326  |z Acceso restringido 
942 |c BOOK